[Event "DVM U12 2023"]
[Site "Magdeburg GER"]
[Date "2023.12.27"]
[Round "2"]
[White "Vu, Hoang Bach"]
[Black "Gersemann, Karl"]
[Result "0-1"]
[Termination "normal"]
[Board "4.1"]
[WhiteElo "1230"]
[BlackElo "1520"]
[WhiteClock "01:19:43"]
[BlackClock "00:54:56"]
[WhiteTeam "SC Borussia Lichtenberg"]
[BlackTeam "TSG Oberschöneweide"]
[PlyCount "66"]
[WhiteFideId "12436992"]
[BlackFideId "34602186"]
[EventCountry "GER"]
[EventRounds "7"]
[EventType "team-swiss"]
[EventDate "2023.12.26"]

1. d4 {[%clk 01:30:53]} {[%emt 00:00:06]} Nf6 {[%clk 01:30:54]} {[%emt
00:00:07]} 2. Bf4 {[%clk 01:31:17]} {[%emt 00:00:06]} e6 {[%clk 01:30:56]}
{[%emt 00:00:27]} 3. e3 {[%clk 01:31:36]} {[%emt 00:00:11]} d5 {[%clk
01:31:22]} {[%emt 00:00:04]} 4. Nf3 {[%clk 01:31:55]} {[%emt 00:00:12]} Bd6
{[%clk 01:31:32]} {[%emt 00:00:17]} 5. Bg3 {[%clk 01:32:23]} {[%emt 00:00:04]}
c5 {[%clk 01:30:39]} {[%emt 00:01:22]} 6. c3 {[%clk 01:32:49]} {[%emt
00:00:05]} Nc6 {[%clk 01:30:04]} {[%emt 00:01:05]} 7. Nbd2 {[%clk 01:32:50]}
{[%emt 00:00:29]} O-O {[%clk 01:30:00]} {[%emt 00:00:33]} 8. Bd3 {[%clk
01:33:15]} {[%emt 00:00:06]} Ne7 {[%clk 01:28:24]} {[%emt 00:02:05]} 9. Ne5
{[%clk 01:32:24]} {[%emt 00:01:21]} Ng6 {[%clk 01:28:04]} {[%emt 00:00:49]} 10.
h4 {[%clk 01:32:42]} {[%emt 00:00:14]} Qc7 {[%clk 01:27:30]} {[%emt 00:01:04]}
11. Ndf3 {[%clk 01:31:59]} {[%emt 00:01:13]} Ne4 {[%clk 01:20:00]} {[%emt
00:08:01]} 12. Bh2 {[%clk 01:30:58]} {[%emt 00:01:30]} Nh8 {[%clk 01:16:07]}
{[%emt 00:04:23]} 13. Bxe4 {[%clk 01:31:07]} {[%emt 00:00:22]} dxe4 {[%clk
01:16:26]} {[%emt 00:00:11]} 14. Nd2 {[%clk 01:31:33]} {[%emt 00:00:04]} f5
{[%clk 01:10:57]} {[%emt 00:05:58]} 15. Ndc4 {[%clk 01:31:47]} {[%emt
00:00:17]} Bxe5 {[%clk 01:10:25]} {[%emt 00:01:01]} 16. Bxe5 {[%clk 01:31:27]}
{[%emt 00:00:51]} Qc6 {[%clk 01:09:28]} {[%emt 00:01:27]} 17. Bd6 {[%clk
01:31:32]} {[%emt 00:00:25]} Rd8 {[%clk 01:09:38]} {[%emt 00:00:19]} 18. Bxc5
{[%clk 01:32:00]} {[%emt 00:00:04]} b6 {[%clk 01:08:51]} {[%emt 00:01:16]} 19.
Ne5 {[%clk 01:32:25]} {[%emt 00:00:05]} Qc7 {[%clk 01:07:49]} {[%emt 00:01:31]}
20. Ba3 {[%clk 01:29:53]} {[%emt 00:03:02]} Nf7 {[%clk 01:07:41]} {[%emt
00:00:38]} 21. Nxf7 {[%clk 01:30:13]} {[%emt 00:00:10]} Kxf7 {[%clk 01:08:06]}
{[%emt 00:00:05]} 22. Qh5+ {[%clk 01:29:50]} {[%emt 00:00:53]} Kg8 {[%clk
01:08:19]} {[%emt 00:00:16]} 23. Qg5 {[%clk 01:29:53]} {[%emt 00:00:28]} Ba6
{[%clk 01:07:25]} {[%emt 00:01:24]} 24. O-O-O {[%clk 01:29:33]} {[%emt
00:00:50]} Bd3 {[%clk 01:06:21]} {[%emt 00:01:34]} 25. g4 {[%clk 01:28:17]}
{[%emt 00:01:47]} Qc4 {[%clk 01:01:44]} {[%emt 00:05:07]} 26. gxf5 {[%clk
01:27:50]} {[%emt 00:00:57]} Qxa2 {[%clk 01:01:20]} {[%emt 00:00:53]} 27. Kd2
{[%clk 01:26:40]} {[%emt 00:01:40]} exf5 {[%clk 00:59:54]} {[%emt 00:01:56]}
28. Qxf5 {[%clk 01:26:22]} {[%emt 00:00:49]} Rf8 {[%clk 01:00:17]} {[%emt
00:00:06]} 29. Qg4 {[%clk 01:24:10]} {[%emt 00:02:43]} Rxf2+ {[%clk 01:00:38]}
{[%emt 00:00:09]} 30. Ke1 {[%clk 01:24:36]} {[%emt 00:00:04]} Qf7 {[%clk
00:59:31]} {[%emt 00:01:36]} 31. Rc1 {[%clk 01:20:37]} {[%emt 00:04:29]} h5
{[%clk 00:54:48]} {[%emt 00:05:12]} 32. Qg1 {[%clk 01:19:19]} {[%emt 00:01:44]}
Re2+ {[%clk 00:54:31]} {[%emt 00:00:53]} 33. Kd1 {[%clk 01:19:43]} {[%emt
00:00:06]} Qf3 {[%clk 00:54:56]} {[%emt 00:00:04]} 0-1

[Event "DVM U12 2023"]
[Site "Magdeburg GER"]
[Date "2023.12.27"]
[Round "2"]
[White "Nguyen, Bach Khoi"]
[Black "Bergmann, Rafael Antonio"]
[Result "1-0"]
[Termination "normal"]
[Board "4.2"]
[WhiteElo "1262"]
[BlackElo "1545"]
[WhiteClock "00:42:38"]
[BlackClock "01:07:08"]
[WhiteTeam "TSG Oberschöneweide"]
[BlackTeam "SC Borussia Lichtenberg"]
[PlyCount "83"]
[WhiteFideId "34600256"]
[BlackFideId "34635076"]
[EventCountry "GER"]
[EventRounds "7"]
[EventType "team-swiss"]
[EventDate "2023.12.26"]

1. e4 {[%clk 01:30:56]} {[%emt 00:00:04]} e5 {[%clk 01:30:54]} {[%emt
00:00:07]} 2. Nf3 {[%clk 01:31:19]} {[%emt 00:00:07]} Nc6 {[%clk 01:31:16]}
{[%emt 00:00:08]} 3. Bc4 {[%clk 01:31:37]} {[%emt 00:00:12]} Bc5 {[%clk
01:31:40]} {[%emt 00:00:06]} 4. d3 {[%clk 01:31:50]} {[%emt 00:00:16]} Nf6
{[%clk 01:31:58]} {[%emt 00:00:11]} 5. Nc3 {[%clk 01:32:12]} {[%emt 00:00:09]}
d6 {[%clk 01:32:04]} {[%emt 00:00:24]} 6. h3 {[%clk 01:32:28]} {[%emt
00:00:15]} Be6 {[%clk 01:32:03]} {[%emt 00:00:30]} 7. a3 {[%clk 01:30:59]}
{[%emt 00:01:59]} Bxc4 {[%clk 01:32:17]} {[%emt 00:00:16]} 8. dxc4 {[%clk
01:31:17]} {[%emt 00:00:12]} Nd4 {[%clk 01:31:35]} {[%emt 00:01:12]} 9. Bg5
{[%clk 01:28:06]} {[%emt 00:03:41]} Ne6 {[%clk 01:31:02]} {[%emt 00:01:03]} 10.
Bh4 {[%clk 01:28:11]} {[%emt 00:00:27]} Nf4 {[%clk 01:31:12]} {[%emt 00:00:19]}
11. O-O {[%clk 01:26:37]} {[%emt 00:02:03]} Ng6 {[%clk 01:30:20]} {[%emt
00:01:23]} 12. Bg3 {[%clk 01:26:46]} {[%emt 00:00:21]} Qd7 {[%clk 01:30:06]}
{[%emt 00:00:43]} 13. Re1 {[%clk 01:26:20]} {[%emt 00:00:57]} O-O-O {[%clk
01:28:08]} {[%emt 00:02:29]} 14. b4 {[%clk 01:26:16]} {[%emt 00:00:33]} Bb6
{[%clk 01:27:27]} {[%emt 00:01:11]} 15. a4 {[%clk 01:22:40]} {[%emt 00:04:06]}
a5 {[%clk 01:25:45]} {[%emt 00:02:12]} 16. Nd5 {[%clk 01:15:33]} {[%emt
00:07:36]} Nxd5 {[%clk 01:24:34]} {[%emt 00:01:42]} 17. cxd5 {[%clk 01:13:52]}
{[%emt 00:02:12]} axb4 {[%clk 01:24:35]} {[%emt 00:00:29]} 18. a5 {[%clk
01:13:21]} {[%emt 00:01:00]} Ba7 {[%clk 01:24:45]} {[%emt 00:00:19]} 19. Qd2
{[%clk 01:12:49]} {[%emt 00:01:02]} Qb5 {[%clk 01:23:09]} {[%emt 00:02:06]} 20.
Reb1 {[%clk 01:12:01]} {[%emt 00:01:18]} Bc5 {[%clk 01:22:33]} {[%emt
00:01:07]} 21. Ne1 {[%clk 01:10:03]} {[%emt 00:02:28]} Kd7 {[%clk 01:20:36]}
{[%emt 00:02:26]} 22. Nd3 {[%clk 01:09:11]} {[%emt 00:01:22]} Bd4 {[%clk
01:18:50]} {[%emt 00:02:16]} 23. Rxb4 {[%clk 01:06:54]} {[%emt 00:02:47]} Qa6
{[%clk 01:17:40]} {[%emt 00:01:40]} 24. c3 {[%clk 01:02:36]} {[%emt 00:04:48]}
Bc5 {[%clk 01:17:05]} {[%emt 00:01:05]} 25. Nxc5+ {[%clk 00:59:17]} {[%emt
00:03:49]} dxc5 {[%clk 01:16:26]} {[%emt 00:01:09]} 26. Rb2 {[%clk 00:58:19]}
{[%emt 00:01:28]} Ke8 {[%clk 01:16:11]} {[%emt 00:00:44]} 27. f4 {[%clk
00:54:05]} {[%emt 00:04:45]} exf4 {[%clk 01:15:29]} {[%emt 00:01:11]} 28. Bxf4
{[%clk 00:53:21]} {[%emt 00:01:14]} Kd7 {[%clk 01:12:44]} {[%emt 00:03:13]} 29.
Bh2 {[%clk 00:47:14]} {[%emt 00:06:39]} b6 {[%clk 01:10:59]} {[%emt 00:02:15]}
30. Bxc7 {[%clk 00:46:21]} {[%emt 00:01:24]} Rde8 {[%clk 01:09:43]} {[%emt
00:01:44]} 31. Rxb6 {[%clk 00:45:43]} {[%emt 00:01:08]} Qa8 {[%clk 01:08:46]}
{[%emt 00:01:24]} 32. Bh2 {[%clk 00:43:26]} {[%emt 00:02:50]} Rxe4 {[%clk
01:07:55]} {[%emt 00:01:22]} 33. Qd3 {[%clk 00:42:45]} {[%emt 00:01:10]} Qe8
{[%clk 01:06:01]} {[%emt 00:02:23]} 34. Qb5+ {[%clk 00:42:37]} {[%emt
00:00:39]} Ke7 {[%clk 01:06:14]} {[%emt 00:00:16]} 35. d6+ {[%clk 00:42:04]}
{[%emt 00:01:03]} Kf8 {[%clk 01:06:31]} {[%emt 00:00:12]} 36. Rb8 {[%clk
00:42:28]} {[%emt 00:00:06]} Qxb8 {[%clk 01:05:55]} {[%emt 00:01:06]} 37. Qxb8+
{[%clk 00:42:36]} {[%emt 00:00:22]} Re8 {[%clk 01:06:13]} {[%emt 00:00:12]} 38.
Qc7 {[%clk 00:42:11]} {[%emt 00:00:54]} Ra8 {[%clk 01:06:14]} {[%emt 00:00:28]}
39. d7 {[%clk 00:42:20]} {[%emt 00:00:22]} Ke7 {[%clk 01:06:26]} {[%emt
00:00:20]} 40. d8=Q+ {[%clk 00:42:33]} {[%emt 00:00:15]} Ke6 {[%clk 01:06:43]}
{[%emt 00:00:14]} 41. Re1+ {[%clk 00:42:38]} {[%emt 00:00:24]} Kf5 {[%clk
01:07:08]} {[%emt 00:00:06]} 42. g4# {[%emt 00:00:08]} 1-0

[Event "DVM U12 2023"]
[Site "Magdeburg GER"]
[Date "2023.12.27"]
[Round "2"]
[White "Berndt, Ronson"]
[Black "Vu, Khoi Nguyen"]
[Result "1-0"]
[Termination "normal"]
[Board "4.3"]
[WhiteElo "1615"]
[BlackElo "1599"]
[WhiteTeam "SC Borussia Lichtenberg"]
[BlackTeam "TSG Oberschöneweide"]
[PlyCount "62"]
[WhiteFideId "34618694"]
[BlackFideId "34605088"]
[EventCountry "GER"]
[EventRounds "7"]
[EventType "team-swiss"]
[EventDate "2023.12.26"]

1. e4 {[%emt 01:41:26]} e5 {[%emt 00:00:12]} 2. Nf3 {[%emt 00:00:09]} Nc6
{[%emt 00:00:05]} 3. Nc3 {[%emt 00:00:10]} Nf6 {[%emt 00:00:08]} 4. Bb5 {[%emt
00:00:08]} Bb4 {[%emt 00:00:22]} 5. O-O {[%emt 00:00:22]} O-O {[%emt 00:00:05]}
6. d3 {[%emt 00:00:05]} d6 {[%emt 00:01:32]} 7. h3 {[%emt 00:05:44]} h6 {[%emt
00:04:27]} 8. Ne2 {[%emt 00:01:35]} Ne7 {[%emt 00:02:59]} 9. a3 {[%emt
00:04:06]} Bc5 {[%emt 00:00:28]} 10. Bc4 {[%emt 00:07:53]} Ng6 {[%emt
00:00:24]} 11. Ng3 {[%emt 00:00:13]} c6 {[%emt 00:02:02]} 12. b4 {[%emt
00:09:46]} Bb6 {[%emt 00:02:26]} 13. Bb3 {[%emt 00:01:38]} Be6 {[%emt
00:00:45]} 14. Bxe6 {[%emt 00:02:00]} fxe6 {[%emt 00:00:16]} 15. Re1 {[%emt
00:03:08]} Qc7 {[%emt 00:02:41]} 16. c4 {[%emt 00:02:32]} a5 {[%emt 00:03:54]}
17. Bd2 {[%emt 00:04:42]} c5 {[%emt 00:06:09]} 18. b5 {[%emt 00:03:19]} a4
{[%emt 00:00:56]} 19. Rb1 {[%emt 00:08:31]} Ba5 {[%emt 00:01:18]} 20. Ne2
{[%emt 00:00:34]} Nh5 {[%emt 00:01:13]} 21. Bxa5 {[%emt 00:08:22]} Qxa5 {[%emt
00:00:34]} 22. Qc2 {[%emt 00:02:04]} Nhf4 {[%emt 00:01:35]} 23. Nc3 {[%emt
00:02:49]} Nxh3+ {[%emt 00:00:32]} 24. gxh3 {[%emt 00:02:55]} Rxf3 {[%emt
00:00:10]} 25. b6 {[%emt 00:01:51]} Raf8 {[%emt 00:00:34]} 26. Re2 {[%emt
00:00:43]} Nf4 {[%emt 00:00:09]} 27. Rd2 {[%emt 00:02:30]} Nxh3+ {[%emt
00:00:41]} 28. Kg2 {[%emt 00:00:35]} Qa8 {[%emt 00:01:03]} 29. Rh1 {[%emt
00:01:50]} Qd8 {[%emt 00:01:26]} 30. Rxh3 {[%emt 00:01:06]} Qg5+ {[%emt
00:00:07]} 31. Rg3 {[%emt 00:00:13]} Qf5 {[%emt 00:01:41]} 1-0

[Event "DVM U12 2023"]
[Site "Magdeburg GER"]
[Date "2023.12.27"]
[Round "2"]
[White "Rabus, Johann"]
[Black "Svanidze, Alexander"]
[Result "0-1"]
[Termination "normal"]
[Board "4.4"]
[WhiteElo "1349"]
[BlackElo "1441"]
[WhiteClock "00:53:51"]
[BlackClock "00:26:25"]
[WhiteTeam "TSG Oberschöneweide"]
[BlackTeam "SC Borussia Lichtenberg"]
[PlyCount "66"]
[WhiteFideId "34602950"]
[BlackFideId "34623469"]
[EventCountry "GER"]
[EventRounds "7"]
[EventType "team-swiss"]
[EventDate "2023.12.26"]

1. e4 {[%clk 01:30:46]} {[%emt 00:00:13]} e5 {[%clk 01:30:57]} {[%emt
00:00:03]} 2. Nf3 {[%clk 01:31:05]} {[%emt 00:00:11]} Nc6 {[%clk 01:31:20]}
{[%emt 00:00:08]} 3. d4 {[%clk 01:31:19]} {[%emt 00:00:15]} exd4 {[%clk
01:31:42]} {[%emt 00:00:08]} 4. Nxd4 {[%clk 01:31:44]} {[%emt 00:00:06]} Bc5
{[%clk 01:32:05]} {[%emt 00:00:07]} 5. Be3 {[%clk 01:32:05]} {[%emt 00:00:09]}
Qf6 {[%clk 01:32:26]} {[%emt 00:00:09]} 6. c3 {[%clk 01:32:21]} {[%emt
00:00:14]} Nge7 {[%clk 01:32:42]} {[%emt 00:00:14]} 7. Bc4 {[%clk 01:32:24]}
{[%emt 00:00:27]} d6 {[%clk 01:32:55]} {[%emt 00:00:18]} 8. O-O {[%clk
01:31:42]} {[%emt 00:01:12]} Qg6 {[%clk 01:33:17]} {[%emt 00:00:08]} 9. Nd2
{[%clk 01:30:54]} {[%emt 00:01:18]} O-O {[%clk 01:33:17]} {[%emt 00:00:30]} 10.
f4 {[%clk 01:23:14]} {[%emt 00:08:10]} Kh8 {[%clk 01:23:42]} {[%emt 00:10:06]}
11. N2f3 {[%clk 01:22:46]} {[%emt 00:00:58]} h6 {[%clk 01:00:35]} {[%emt
00:23:38]} 12. e5 {[%clk 01:17:03]} {[%emt 00:06:11]} dxe5 {[%clk 01:00:09]}
{[%emt 00:00:57]} 13. fxe5 {[%clk 01:14:42]} {[%emt 00:02:51]} Bg4 {[%clk
00:52:43]} {[%emt 00:07:56]} 14. Kh1 {[%clk 01:11:32]} {[%emt 00:03:41]} Rad8
{[%clk 00:45:09]} {[%emt 00:08:03]} 15. Nxc6 {[%clk 01:07:39]} {[%emt
00:04:23]} Rxd1 {[%clk 00:42:17]} {[%emt 00:03:22]} 16. Nxe7 {[%clk 01:07:50]}
{[%emt 00:00:19]} Bxe7 {[%clk 00:42:30]} {[%emt 00:00:17]} 17. Raxd1 {[%clk
01:07:43]} {[%emt 00:00:37]} c5 {[%clk 00:33:32]} {[%emt 00:09:28]} 18. Rd5
{[%clk 00:58:28]} {[%emt 00:09:45]} Be6 {[%clk 00:28:06]} {[%emt 00:05:55]} 19.
Bxc5 {[%clk 00:54:41]} {[%emt 00:04:17]} Bxd5 {[%clk 00:27:53]} {[%emt
00:00:43]} 20. Bxe7 {[%clk 00:54:23]} {[%emt 00:00:48]} Bxc4 {[%clk 00:27:40]}
{[%emt 00:00:42]} 21. Nh4 {[%clk 00:54:31]} {[%emt 00:00:23]} Qe6 {[%clk
00:27:17]} {[%emt 00:00:53]} 22. Rf4 {[%clk 00:53:39]} {[%emt 00:01:21]} Qxe5
{[%clk 00:25:05]} {[%emt 00:02:42]} 23. Ng6+ {[%clk 00:52:09]} {[%emt
00:02:00]} fxg6 {[%clk 00:25:26]} {[%emt 00:00:09]} 24. Rxf8+ {[%clk 00:52:22]}
{[%emt 00:00:16]} Kh7 {[%clk 00:25:49]} {[%emt 00:00:08]} 25. Bh4 {[%clk
00:52:21]} {[%emt 00:00:31]} Qe4 {[%clk 00:25:23]} {[%emt 00:00:56]} 26. Bf2
{[%clk 00:52:34]} {[%emt 00:00:17]} Bd5 {[%clk 00:24:55]} {[%emt 00:00:58]} 27.
Rf3 {[%clk 00:52:43]} {[%emt 00:00:21]} Qb1+ {[%clk 00:25:09]} {[%emt
00:00:16]} 28. Bg1 {[%clk 00:52:45]} {[%emt 00:00:28]} Bxf3 {[%clk 00:25:29]}
{[%emt 00:00:11]} 29. gxf3 {[%clk 00:53:11]} {[%emt 00:00:04]} Qf1 {[%clk
00:25:30]} {[%emt 00:00:29]} 30. h3 {[%clk 00:53:10]} {[%emt 00:00:32]} Qxh3+
{[%clk 00:25:49]} {[%emt 00:00:11]} 31. Bh2 {[%clk 00:53:32]} {[%emt 00:00:07]}
g5 {[%clk 00:25:56]} {[%emt 00:00:24]} 32. Kg1 {[%clk 00:53:36]} {[%emt
00:00:26]} Qxf3 {[%clk 00:26:03]} {[%emt 00:00:23]} 33. Be5 {[%clk 00:53:51]}
{[%emt 00:00:15]} Qe3+ {[%clk 00:26:25]} {[%emt 00:00:09]} 0-1

[Event "DVM U12 2023"]
[Site "Magdeburg GER"]
[Date "2023.12.27"]
[Round "2"]
[White "Nguyen, Thanh An"]
[Black "Kovalyov, Dima"]
[Result "0-1"]
[Termination "normal"]
[Board "5.1"]
[WhiteElo "1577"]
[BlackElo "1665"]
[WhiteClock "00:55:35"]
[BlackClock "00:57:37"]
[WhiteTeam "SV Dresden-Striesen 1990"]
[BlackTeam "SG Solingen"]
[PlyCount "130"]
[WhiteFideId "34627804"]
[BlackFideId "34631631"]
[EventCountry "GER"]
[EventRounds "7"]
[EventType "team-swiss"]
[EventDate "2023.12.26"]

1. d4 {[%clk 01:30:58]} {[%emt 00:00:01]} d5 {[%clk 01:30:54]} {[%emt
00:00:06]} 2. c4 {[%clk 01:31:21]} {[%emt 00:00:08]} c6 {[%clk 01:31:20]}
{[%emt 00:00:04]} 3. Nc3 {[%clk 01:31:37]} {[%emt 00:00:13]} Nf6 {[%clk
01:31:44]} {[%emt 00:00:06]} 4. e3 {[%clk 01:31:34]} {[%emt 00:00:33]} e6
{[%clk 01:32:08]} {[%emt 00:00:06]} 5. cxd5 {[%clk 01:31:30]} {[%emt 00:00:35]}
exd5 {[%clk 01:32:33]} {[%emt 00:00:05]} 6. Bd3 {[%clk 01:31:53]} {[%emt
00:00:06]} Bd6 {[%clk 01:32:54]} {[%emt 00:00:09]} 7. Nf3 {[%clk 01:30:51]}
{[%emt 00:01:33]} Bg4 {[%clk 01:33:13]} {[%emt 00:00:11]} 8. h3 {[%clk
01:30:53]} {[%emt 00:00:28]} Bh5 {[%clk 01:33:37]} {[%emt 00:00:05]} 9. O-O
{[%clk 01:30:28]} {[%emt 00:00:55]} O-O {[%clk 01:31:21]} {[%emt 00:02:47]} 10.
Bd2 {[%clk 01:27:48]} {[%emt 00:03:09]} Re8 {[%clk 01:30:59]} {[%emt 00:00:52]}
11. Ne2 {[%clk 01:22:33]} {[%emt 00:05:45]} Bxf3 {[%clk 01:31:19]} {[%emt
00:00:10]} 12. gxf3 {[%clk 01:22:58]} {[%emt 00:00:05]} Nh5 {[%clk 01:30:36]}
{[%emt 00:01:13]} 13. f4 {[%clk 01:21:56]} {[%emt 00:01:33]} Qh4 {[%clk
01:29:33]} {[%emt 00:01:31]} 14. Kg2 {[%clk 01:20:17]} {[%emt 00:02:05]} Re6
{[%clk 01:23:36]} {[%emt 00:06:32]} 15. Ng3 {[%clk 01:20:02]} {[%emt 00:00:44]}
Nxg3 {[%clk 01:23:21]} {[%emt 00:00:46]} 16. fxg3 {[%clk 01:20:25]} {[%emt
00:00:08]} Qd8 {[%clk 01:23:15]} {[%emt 00:00:35]} 17. b4 {[%clk 01:20:18]}
{[%emt 00:00:38]} Nd7 {[%clk 01:23:19]} {[%emt 00:00:26]} 18. Bf5 {[%clk
01:19:16]} {[%emt 00:01:31]} Re8 {[%clk 01:23:38]} {[%emt 00:00:11]} 19. Bxd7
{[%clk 01:18:50]} {[%emt 00:00:57]} Qxd7 {[%clk 01:24:02]} {[%emt 00:00:05]}
20. g4 {[%clk 01:18:09]} {[%emt 00:01:11]} Qe6 {[%clk 01:24:23]} {[%emt
00:00:09]} 21. Qf3 {[%clk 01:17:47]} {[%emt 00:00:51]} Qe4 {[%clk 01:24:40]}
{[%emt 00:00:14]} 22. Qxe4 {[%clk 01:18:10]} {[%emt 00:00:08]} Rxe4 {[%clk
01:25:00]} {[%emt 00:00:10]} 23. Rfc1 {[%clk 01:18:11]} {[%emt 00:00:28]} Bxf4
{[%clk 01:25:08]} {[%emt 00:00:22]} 24. Kf3 {[%clk 01:16:54]} {[%emt 00:01:47]}
Bd6 {[%clk 01:25:07]} {[%emt 00:00:31]} 25. Rc2 {[%clk 01:16:10]} {[%emt
00:01:14]} Rae8 {[%clk 01:23:54]} {[%emt 00:01:43]} 26. Rb1 {[%clk 01:15:38]}
{[%emt 00:01:03]} f5 {[%clk 01:22:42]} {[%emt 00:01:41]} 27. gxf5 {[%clk
01:15:09]} {[%emt 00:00:59]} Rf8 {[%clk 01:22:41]} {[%emt 00:00:31]} 28. b5
{[%clk 01:14:41]} {[%emt 00:00:58]} Rxf5+ {[%clk 01:23:03]} {[%emt 00:00:07]}
29. Ke2 {[%clk 01:14:40]} {[%emt 00:00:30]} cxb5 {[%clk 01:21:34]} {[%emt
00:02:02]} 30. Rxb5 {[%clk 01:14:41]} {[%emt 00:00:28]} b6 {[%clk 01:21:28]}
{[%emt 00:00:36]} 31. a4 {[%clk 01:13:52]} {[%emt 00:01:19]} Bg3 {[%clk
01:21:28]} {[%emt 00:00:30]} 32. a5 {[%clk 01:11:15]} {[%emt 00:03:07]} Re6
{[%clk 01:18:44]} {[%emt 00:03:13]} 33. axb6 {[%clk 01:10:18]} {[%emt
00:01:28]} axb6 {[%clk 01:19:02]} {[%emt 00:00:11]} 34. Rcb2 {[%clk 01:10:14]}
{[%emt 00:00:34]} Bc7 {[%clk 01:10:59]} {[%emt 00:08:32]} 35. Be1 {[%clk
01:08:13]} {[%emt 00:02:32]} h6 {[%clk 01:10:06]} {[%emt 00:01:23]} 36. h4
{[%clk 01:06:52]} {[%emt 00:01:51]} Rg6 {[%clk 01:08:43]} {[%emt 00:01:53]} 37.
Kd3 {[%clk 01:06:14]} {[%emt 00:01:08]} Rc6 {[%clk 01:07:26]} {[%emt 00:01:46]}
38. Rc2 {[%clk 01:05:40]} {[%emt 00:01:05]} Rxc2 {[%clk 01:07:30]} {[%emt
00:00:27]} 39. Kxc2 {[%clk 01:06:04]} {[%emt 00:00:05]} Kf7 {[%clk 01:07:25]}
{[%emt 00:00:34]} 40. Kd1 {[%clk 01:06:10]} {[%emt 00:00:25]} Ke6 {[%clk
01:07:36]} {[%emt 00:00:20]} 41. Ke2 {[%clk 01:06:04]} {[%emt 00:00:36]} g5
{[%clk 01:06:42]} {[%emt 00:01:23]} 42. hxg5 {[%clk 01:06:04]} {[%emt
00:00:31]} hxg5 {[%clk 01:06:58]} {[%emt 00:00:14]} 43. Rb2 {[%clk 01:05:51]}
{[%emt 00:00:42]} g4 {[%clk 01:04:44]} {[%emt 00:02:44]} 44. Kd1 {[%clk
01:04:53]} {[%emt 00:01:28]} Kd7 {[%clk 01:05:02]} {[%emt 00:00:11]} 45. Rg2
{[%clk 01:05:05]} {[%emt 00:00:19]} Rg5 {[%clk 01:05:10]} {[%emt 00:00:22]} 46.
Kc2 {[%clk 01:04:53]} {[%emt 00:00:43]} Kc6 {[%clk 01:05:01]} {[%emt 00:00:38]}
47. Kd3 {[%clk 01:05:02]} {[%emt 00:00:22]} Rg8 {[%clk 01:04:30]} {[%emt
00:01:00]} 48. Bg3 {[%clk 00:58:34]} {[%emt 00:06:59]} Bxg3 {[%clk 01:04:38]}
{[%emt 00:00:23]} 49. Rxg3 {[%clk 00:58:58]} {[%emt 00:00:06]} b5 {[%clk
01:04:14]} {[%emt 00:00:54]} 50. Kc3 {[%clk 00:59:06]} {[%emt 00:00:22]} Kd6
{[%clk 01:02:33]} {[%emt 00:02:10]} 51. Kb3 {[%clk 00:58:13]} {[%emt 00:01:21]}
Ke6 {[%clk 00:59:20]} {[%emt 00:03:46]} 52. Kb4 {[%clk 00:58:37]} {[%emt
00:00:07]} Kf5 {[%clk 00:59:40]} {[%emt 00:00:09]} 53. Kxb5 {[%clk 00:59:02]}
{[%emt 00:00:05]} Rc8 {[%clk 01:00:03]} {[%emt 00:00:06]} 54. Rg1 {[%clk
00:57:37]} {[%emt 00:01:56]} Kg5 {[%clk 01:00:14]} {[%emt 00:00:19]} 55. Re1
{[%clk 00:56:58]} {[%emt 00:01:09]} g3 {[%clk 01:00:17]} {[%emt 00:00:26]} 56.
e4 {[%clk 00:57:13]} {[%emt 00:00:15]} dxe4 {[%clk 00:59:53]} {[%emt 00:00:54]}
57. Rxe4 {[%clk 00:57:35]} {[%emt 00:00:08]} g2 {[%clk 00:59:50]} {[%emt
00:00:32]} 58. Re1 {[%clk 00:57:57]} {[%emt 00:00:08]} Kf4 {[%clk 00:58:53]}
{[%emt 00:01:26]} 59. Rg1 {[%clk 00:57:56]} {[%emt 00:00:33]} Rc2 {[%clk
00:58:39]} {[%emt 00:00:42]} 60. Kb4 {[%clk 00:54:24]} {[%emt 00:04:02]} Ke4
{[%clk 00:56:31]} {[%emt 00:02:38]} 61. Kb3 {[%clk 00:54:39]} {[%emt 00:00:16]}
Rd2 {[%clk 00:56:22]} {[%emt 00:00:37]} 62. Kc3 {[%clk 00:55:04]} {[%emt
00:00:06]} Rd3+ {[%clk 00:56:35]} {[%emt 00:00:16]} 63. Kc4 {[%clk 00:54:46]}
{[%emt 00:00:50]} Rxd4+ {[%clk 00:56:48]} {[%emt 00:00:16]} 64. Kc3 {[%clk
00:55:11]} {[%emt 00:00:05]} Rd3+ {[%clk 00:57:14]} {[%emt 00:00:04]} 65. Kc2
{[%clk 00:55:35]} {[%emt 00:00:07]} Rg3 {[%clk 00:57:37]} {[%emt 00:00:06]} 0-1